<?xml version="1.0" encoding="UTF-8"?>
<record
    xmlns:xsi="http://www.w3.org/2001/XMLSchema-instance"
    xsi:schemaLocation="http://www.loc.gov/MARC21/slim http://www.loc.gov/standards/marcxml/schema/MARC21slim.xsd"
    xmlns="http://www.loc.gov/MARC21/slim">

  <leader>02875nam a2200265 a 4500</leader>
  <controlfield tag="001">000030969</controlfield>
  <controlfield tag="003">DO-SdBNP</controlfield>
  <controlfield tag="005">20220225085110.0</controlfield>
  <controlfield tag="007">ta</controlfield>
  <controlfield tag="008">110608s2012    dr            000 0 spa d</controlfield>
  <datafield tag="020" ind1=" " ind2=" ">
    <subfield code="a">9789945454369</subfield>
  </datafield>
  <datafield tag="040" ind1=" " ind2=" ">
    <subfield code="a">DO-SdBNP</subfield>
    <subfield code="b">spa</subfield>
    <subfield code="c">BNPHU</subfield>
  </datafield>
  <datafield tag="082" ind1=" " ind2="4">
    <subfield code="a">344.7293046</subfield>
    <subfield code="b">V297c</subfield>
    <subfield code="2">22</subfield>
  </datafield>
  <datafield tag="100" ind1="1" ind2=" ">
    <subfield code="a">Vargas Pimental, C&#xE9;sar Antonio.</subfield>
    <subfield code="9">57481</subfield>
  </datafield>
  <datafield tag="245" ind1="1" ind2="0">
    <subfield code="a">Compendio legislaci&#xF3;n ambiental Dominicana /</subfield>
    <subfield code="c">C&#xE9;sar Antonio Vargas Pimental.</subfield>
  </datafield>
  <datafield tag="246" ind1="1" ind2="3">
    <subfield code="a">Legislaci&#xF3;n ambiental dominicana</subfield>
  </datafield>
  <datafield tag="260" ind1=" " ind2=" ">
    <subfield code="a">Santo Domingo :</subfield>
    <subfield code="b">Instituto de Derecho Ambiental,</subfield>
    <subfield code="c">2012.</subfield>
  </datafield>
  <datafield tag="300" ind1=" " ind2=" ">
    <subfield code="a">v. ;</subfield>
    <subfield code="c">23 cm.</subfield>
  </datafield>
  <datafield tag="500" ind1=" " ind2=" ">
    <subfield code="a">Incluye datos biogr&#xE1;ficos del autor en las solapas</subfield>
  </datafield>
  <datafield tag="505" ind1="0" ind2=" ">
    <subfield code="a">Introducci&#xF3;n--</subfield>
    <subfield code="t">Prefacio--</subfield>
    <subfield code="g">Volumen 1.  Tema 1--</subfield>
    <subfield code="t">Ley general de medio ambiente y recursos naturales--</subfield>
    <subfield code="g">Tema 2--</subfield>
    <subfield code="t">Reglamento del sistema de permisos y licencias ambientales--</subfield>
    <subfield code="g">Tema 3--</subfield>
    <subfield code="t">Procedimiento para la evaluaci&#xF3;n de impacto ambiental de proyectos nuevos y anexo 1--</subfield>
    <subfield code="g">Tema 4--</subfield>
    <subfield code="t">Resoluci&#xF3;n no.03/2010 que deroga el procedimiento para la evaluaci&#xF3;n ambiental de intalaciones existentes--</subfield>
    <subfield code="g">Tema 5--</subfield>
    <subfield code="t">Reglamento que establece el procedimiento de registro y certificaci&#xF3;n para prestadores de servicios ambientales. Criterios y requisitos de inscripciones en el registro de prestadoras y prestadores de servicios ambientales --</subfield>
    <subfield code="g">Tema 6--</subfield>
    <subfield code="t">Norma para la gesti&#xF3;n ambiental de marinas y otras facilidades que ofrecen servicios a  embarcaciones recreativas--</subfield>
    <subfield code="g">Tema 7--</subfield>
    <subfield code="t">Reglamento ambiental para estaciones de servicio de combustibles--</subfield>
    <subfield code="g">Tema 8--</subfield>
    <subfield code="t">Gu&#xED;a para buenas pr&#xE1;cticas ambientales en el sector hotelero --</subfield>
    <subfield code="g">Tema 9--</subfield>
    <subfield code="t">Gu&#xED;a para la realizaci&#xF3;n de las evaluaciones de impacto social (EIS) dentro del proceso de evaluaci&#xF3;n de impacto ambiental (EIA) --</subfield>
    <subfield code="g">Tema 10-</subfield>
    <subfield code="t">Procedimiento para la elaboraci&#xF3;n de instrumentos de regularizaci&#xF3;n ambiental--</subfield>
    <subfield code="g">Tema 11--</subfield>
    <subfield code="t">Norma para la reducci&#xF3;n y eliminaci&#xF3;n del consumo de las sustancias agotadoras de la capa de ozono--</subfield>
    <subfield code="g">Tema 12--</subfield>
    <subfield code="t">Reglamento ambiental para uso, manejo, transporte y disposici&#xF3;n de bifenilos policlorados (PCB)--</subfield>
    <subfield code="g">Tema 13--</subfield>
    <subfield code="g">Reglamento ambiental para plantas de almacenamiento, envasado y expendio de gas licuado de petroleo--</subfield>
    <subfield code="g">Tema 14--</subfield>
    <subfield code="t">Reglamento para la gesti&#xF3;n integral de aceites usados--</subfield>
    <subfield code="g">Tema 15--</subfield>
    <subfield code="t">Reglamento para la gesti&#xF3;n integral de aceites usados--</subfield>
    <subfield code="g">Tema 16--</subfield>
    <subfield code="t">Reglamento para el control, vigilancia e inspecci&#xF3;n ambiental y la aplicaci&#xF3;n de sanciones administrativas--</subfield>
    <subfield code="g">Tema 17--</subfield>
    <subfield code="t">Reglamento ambiental de uso y manejo de agroquimicos y sus residuos en producci&#xF3;n horticola.</subfield>
    <subfield code="g">Volumen 2--</subfield>
    <subfield code="t">Agradecimiento --</subfield>
    <subfield code="t">Introducci&#xF3;n--</subfield>
    <subfield code="g">Cap&#xED;tulo 1--</subfield>
    <subfield code="t">Aire--</subfield>
    <subfield code="g">Cap&#xED;ulo 2--</subfield>
    <subfield code="t">Agua--</subfield>
    <subfield code="g">Cap&#xED;tulo 3--</subfield>
    <subfield code="t">Ruido--</subfield>
    <subfield code="g">Cap&#xED;tulo 4--</subfield>
    <subfield code="t">Miner&#xED;a y suelo.</subfield>
  </datafield>
  <datafield tag="590" ind1=" " ind2=" ">
    <subfield code="a">Inventariado,2018/DG</subfield>
  </datafield>
  <datafield tag="650" ind1=" " ind2="4">
    <subfield code="a">Control ambiental</subfield>
    <subfield code="z">Rep&#xFA;blica Dominicana</subfield>
    <subfield code="9">9275</subfield>
  </datafield>
  <datafield tag="910" ind1=" " ind2=" ">
    <subfield code="a">Validado. Control de calidad MFF</subfield>
  </datafield>
  <datafield tag="942" ind1=" " ind2=" ">
    <subfield code="2">ddc</subfield>
    <subfield code="c">LBS1</subfield>
  </datafield>
  <datafield tag="952" ind1=" " ind2=" ">
    <subfield code="0">0</subfield>
    <subfield code="1">0</subfield>
    <subfield code="2">ddc</subfield>
    <subfield code="5">6</subfield>
    <subfield code="7">0</subfield>
    <subfield code="8">DS</subfield>
    <subfield code="a">BNPHU</subfield>
    <subfield code="b">BNPHU</subfield>
    <subfield code="c">HD</subfield>
    <subfield code="d">2013-03-01</subfield>
    <subfield code="e">Dep&#xF3;sito Legal</subfield>
    <subfield code="l">0</subfield>
    <subfield code="o">BNPHU DS 344.7293046 V297c</subfield>
    <subfield code="p">30969-30</subfield>
    <subfield code="r">2020-06-25</subfield>
    <subfield code="t">v.2, e.3</subfield>
    <subfield code="w">2020-06-25</subfield>
    <subfield code="y">LBS1</subfield>
  </datafield>
  <datafield tag="952" ind1=" " ind2=" ">
    <subfield code="0">0</subfield>
    <subfield code="1">0</subfield>
    <subfield code="2">ddc</subfield>
    <subfield code="5">3</subfield>
    <subfield code="7">0</subfield>
    <subfield code="8">PD</subfield>
    <subfield code="a">BNPHU</subfield>
    <subfield code="b">BNPHU</subfield>
    <subfield code="c">HD</subfield>
    <subfield code="d">2011-06-08</subfield>
    <subfield code="e">Dep&#xF3;sito Legal</subfield>
    <subfield code="l">0</subfield>
    <subfield code="o">BNPHU PD 344.7293046 V297c</subfield>
    <subfield code="p">30969-10</subfield>
    <subfield code="r">2020-06-25</subfield>
    <subfield code="t">v.2</subfield>
    <subfield code="w">2020-06-25</subfield>
    <subfield code="y">LBS1</subfield>
  </datafield>
  <datafield tag="952" ind1=" " ind2=" ">
    <subfield code="0">0</subfield>
    <subfield code="1">0</subfield>
    <subfield code="2">ddc</subfield>
    <subfield code="5">3</subfield>
    <subfield code="7">0</subfield>
    <subfield code="8">PD</subfield>
    <subfield code="a">BNPHU</subfield>
    <subfield code="b">BNPHU</subfield>
    <subfield code="c">HD</subfield>
    <subfield code="d">2011-06-08</subfield>
    <subfield code="e">Dep&#xF3;sito Legal</subfield>
    <subfield code="l">0</subfield>
    <subfield code="o">BNPHU PD 344.7293046 V297c</subfield>
    <subfield code="p">30969-20</subfield>
    <subfield code="r">2020-06-25</subfield>
    <subfield code="t">v.2, e.2</subfield>
    <subfield code="w">2020-06-25</subfield>
    <subfield code="y">LBS1</subfield>
  </datafield>
  <datafield tag="952" ind1=" " ind2=" ">
    <subfield code="0">0</subfield>
    <subfield code="1">0</subfield>
    <subfield code="2">ddc</subfield>
    <subfield code="5">3</subfield>
    <subfield code="7">0</subfield>
    <subfield code="8">PD</subfield>
    <subfield code="a">BNPHU</subfield>
    <subfield code="b">BNPHU</subfield>
    <subfield code="c">HD</subfield>
    <subfield code="d">2022-02-24</subfield>
    <subfield code="e">Compra</subfield>
    <subfield code="l">0</subfield>
    <subfield code="o">BNPHU PD 344.7293046 V297c</subfield>
    <subfield code="p">2022-0793</subfield>
    <subfield code="r">2022-02-24</subfield>
    <subfield code="t">v. 1</subfield>
    <subfield code="w">2022-02-24</subfield>
    <subfield code="y">LBS1</subfield>
  </datafield>
  <datafield tag="952" ind1=" " ind2=" ">
    <subfield code="0">0</subfield>
    <subfield code="1">0</subfield>
    <subfield code="2">ddc</subfield>
    <subfield code="5">3</subfield>
    <subfield code="7">0</subfield>
    <subfield code="8">PD</subfield>
    <subfield code="a">BNPHU</subfield>
    <subfield code="b">BNPHU</subfield>
    <subfield code="c">HD</subfield>
    <subfield code="d">2022-02-24</subfield>
    <subfield code="e">Compra</subfield>
    <subfield code="l">0</subfield>
    <subfield code="o">BNPHU PD 344.7293046 V297c</subfield>
    <subfield code="p">2022-0794</subfield>
    <subfield code="r">2022-02-24</subfield>
    <subfield code="t">v.1, e.2</subfield>
    <subfield code="w">2022-02-24</subfield>
    <subfield code="y">LBS1</subfield>
  </datafield>
  <datafield tag="952" ind1=" " ind2=" ">
    <subfield code="0">0</subfield>
    <subfield code="1">0</subfield>
    <subfield code="2">ddc</subfield>
    <subfield code="5">6</subfield>
    <subfield code="7">0</subfield>
    <subfield code="8">DS</subfield>
    <subfield code="a">BNPHU</subfield>
    <subfield code="b">BNPHU</subfield>
    <subfield code="c">HD</subfield>
    <subfield code="d">2022-02-24</subfield>
    <subfield code="e">Compra</subfield>
    <subfield code="l">0</subfield>
    <subfield code="o">BNPHU DS 344.7293046 V297c</subfield>
    <subfield code="p">2022-0795</subfield>
    <subfield code="r">2022-02-24</subfield>
    <subfield code="t">v.1, e.3</subfield>
    <subfield code="w">2022-02-24</subfield>
    <subfield code="y">LBS1</subfield>
  </datafield>
  <datafield tag="999" ind1=" " ind2=" ">
    <subfield code="c">30461</subfield>
    <subfield code="d">30461</subfield>
  </datafield>
</record>
